000 00574nam a2200229 a 4500
001 0001-1373
003 ELIB.Books
008 160712 2010 eng
020 _a0687034140
035 _a(ELIB.Books)0001-1528
092 _a264
_bWhi
100 _aWhite, James F.
245 _aA Brief History of Christian Worship
260 _aNashville
_bAbingdon Press
_c1993
300 _a192
_c23 Cm
650 _aWorship
856 _nKBTS Library
_uElib
942 _2ddc
_cBK
990 _a1
998 _cbat
_e2016-07-12
_mcat
_u2018-11-14
999 _c11373
_d11373